Central Library OPAC University of Rajshahi

Radioecological techniques / (Record no. 11730)

MARC details
000 -LEADER
fixed length control field 00772pam a2200265 a 4500
001 - CONTROL NUMBER
control field 11730
003 - CONTROL NUMBER IDENTIFIER
rucl marc code BD-RjUL
005 - DATE AND TIME OF LATEST TRANSACTION
control field 20211208235155.0
008 - FIXED-LENGTH DATA ELEMENTS--GENERAL INFORMATION
fixed length control field 140127s1982 nyua b 001 0 eng
020 ## - INTERNATIONAL STANDARD BOOK NUMBER
International Standard Book Number 0306407973
035 ## - SYSTEM CONTROL NUMBER
System control number (BD-RjUL)11779
040 ## - CATALOGING SOURCE
Original cataloging agency DLC
Transcribing agency DLC
Modifying agency DLC
-- BD-RjUL
Language of cataloging eng
041 ## - LANGUAGE CODE
Language code of text/sound track or separate title eng
082 00 - DEWEY DECIMAL CLASSIFICATION NUMBER
Classification number 574.5028
Edition number 19
Author mark and year SCR 1982
100 1# - MAIN ENTRY--PERSONAL NAME
Personal name Schultz, Vincent.
9 (RLIN) 36304
245 10 - TITLE STATEMENT
Title Radioecological techniques /
Statement of responsibility, etc. Vincent Schultz and F. Ward Whicker.
260 ## - PUBLICATION, DISTRIBUTION, ETC. (IMPRINT)
Place of publication, distribution, etc. New York :
Name of publisher, distributor, etc. Plenum Press,
Date of publication, distribution, etc. c1982.
300 ## - PHYSICAL DESCRIPTION
Pagination xi, 298 p. :
Illustrations ill. ;
Size 24 cm.
504 ## - BIBLIOGRAPHY, ETC. NOTE
Bibliography, etc Bibliography: p. 261-292.
Bibliography, etc Includes index.
650 #0 - SUBJECT ADDED ENTRY--TOPICAL TERM
Topical term or geographic name as entry element Radioecology
General subdivision Methodology.
9 (RLIN) 36305
700 1# - ADDED ENTRY--PERSONAL NAME
Personal name Whicker, F. Ward.
942 ## - ADDED ENTRY ELEMENTS (KOHA)
Source of classification or shelving scheme Dewey Decimal Classification
Koha item type Books
Holdings
Lost status Source of classification or shelving scheme Damaged status Not for loan Collection code Permanent Location Current Location Shelving location Date acquired Source of acquisition Cost, normal purchase price Total Checkouts Full call number Date last seen Copy number Koha item type
  Dewey Decimal Classification     Non-fiction Central Library, University of Rajshahi Central Library, University of Rajshahi   22/01/1986 tappan 47.25   574.5028 SCR 1982 27/01/2014 C-2 Books
  Dewey Decimal Classification   Not For Loan Non-fiction Central Library, University of Rajshahi Central Library, University of Rajshahi Reading Room 16/09/1984 Toppan & Tulip 47.25   574.5028 SCR 1982 17/04/2017 C-1 Books